TCC Countries- Europe Quiz Stats

 Plays Quiz not verified by Sporcle

Challenge
Share
Tweet
Embed
Score 0/67 Timer 08:00
0 Plays Today
% Correct
Bulgaria
85.2%
France
85.2%
Germany
85.2%
Italy
85.2%
Norway
85.2%
Romania
85.2%
Spain
85.2%
Turkey in Europe
85.2%
Austria
81.5%
Croatia
81.5%
Czech Republic
81.5%
Denmark
81.5%
Estonia
81.5%
Finland
81.5%
Hungary
81.5%
Latvia
81.5%
Lithuania
81.5%
Luxembourg
81.5%
Malta
81.5%
Netherlands
81.5%
Poland
81.5%
Russia
81.5%
Serbia
81.5%
Slovakia
81.5%
Sweden
81.5%
Switzerland
81.5%
Albania
77.8%
Andorra
77.8%
Belarus
77.8%
Belgium
77.8%
Bosnia & Herzegovina
77.8%
Greece
77.8%
Liechtenstein
77.8%
Portugal
77.8%
% Correct
Slovenia
77.8%
Ukraine
77.8%
Cyprus, Republic
74.1%
Cyprus, Turkish Fed. State
74.1%
Ireland
74.1%
Moldova
74.1%
Vatican City
74.1%
England
70.4%
Kosovo
70.4%
Monaco
70.4%
Montenegro
70.4%
San Marino
70.4%
Scotland
70.4%
Wales
70.4%
Corsica
66.7%
Ireland Northern
63%
Macedonia
63%
Sardinia
63%
Sicily
63%
Crete
59.3%
Jersey
59.3%
Guernsey & Departments
55.6%
Balearic Islands
51.9%
Gibraltar
51.9%
Kaliningrad
51.9%
Spitsbergen
51.9%
Dodecanese
48.1%
Isle of Man
48.1%
Aland Islands
33.3%
Lampedusa
33.3%
Ionian Islands
25.9%
Srpska
22.2%
Trans Dniester
18.5%

You're not logged in!

Compare scores with friends on all Sporcle quizzes.
Join for Free
OR
Log In

You Might Also Like...

Show Comments

Extras

Top Quizzes Today


Score Distribution

Your Account Isn't Verified!

In order to create a playlist on Sporcle, you need to verify the email address you used during registration. Go to your Sporcle Settings to finish the process.

Report this User

Report this user for behavior that violates our Community Guidelines.

Details: